00489nam a22001817a 450000500170000001000260001702000260004303500140006903500140008303700090009708200080010610000210011424500430013526000490017827000430022730000200027049000170029020241104170310.0 aENG-133268 ENG-141698 a9788176505086c220.00 aEN-116800 aEN-125230 bDBAD a954 aRamdhony, Reshmi aDiaspora Imagination/cReshmi Ramdhony aNew DelhibStar Publications Pvt. Ltd.c2012 a4/5B, Asaf Ali RoadbNew Delhie110002 a179p.c22cm(Hb) vVol 1, Vol 2